Culture Générale - Série 2489 - Statistiques

Statistiques générales
  • Ce quiz a été pris 153 fois
  • Le résultat moyen est 4 sur 10
Statistiques - réponses
Question Réponse % Correct
Dans quel pays se trouve l'un des plus grands et des plus prestigieux laboratoires scientifiques du monde dans la recherche nucléaire, appelé CERN ? Suisse
72%
Il fut ministre de l'Education nationale de 1988 à 1992 ? prénom et nom - voir photo Lionel Jospin
71%
Personne qui trahit ou petite ouverture pratiquée dans un plancher, un mur, une porte, pour épier sans être vu judas
63%
Ce mot désigne une cavité rocheuse tapissée de cristaux et une sphère cinématographique située dans le parc de la Villette, dans le 19 arrondissement de Paris géode
48%
Quel mot de 7 lettres commençant par " c " est synonyme de réfléchir ? cogiter
39%
Quel insecte africain est appelé "glossine" ? mouche
38%
Essence gélifiée, habituellement utilisée dans les bombes incendiaires, inventée en 1942 napalm
38%
Quelle est la monnaie officielle de l'Iran ? rial
23%
Dans quel quartier d'une grande ville française les habitants sont-ils appelés "germanopratins" ? Paris
22%
Quel mot de 10 lettres commençant par " s " désigne un asile, refuge, abri ? sanctuaire
14%
Aucun quiz correspondant
Distribution des résultats
% des personnes avec chaque résultat
Percentile par nombre de réponses
Votre historique - résultats
Vous n’avez pas pris ce quiz